000
00329nam a2200133Ia 4500
008
240624s9999 xx 000 0 und d
041
_a
eng
082
_a
828 WAN
100
_a
WANSINK BRIAN
245
_a
MINDLESS EATING WHY WE EAT MORE THAN WE
260
_c
2010
_a
New York
_b
Random House
300
_a
304 : p.
365
_c
_b
26
999
_c
20318
_d
20318